Einführung in die Kältetechnik /

Uložené v:
Podrobná bibliografia
Hlavný autor: Otto, Dieter (Author)
Médium: Kniha
Jazyk:German
Vydané: Berlin : Verlag Technik, 1985.
Vydanie:2., bearb. Aufl.
ISBN: (viaz.)
Fyzický popis: 196 s. + 1 príl.
Tagy: Pridať tag
Žiadne tagy, Buďte prvý kto otaguje tento záznam!

MARC

LEADER 00000nam a2200000 4500
001 000399708
005 20120906184226.0
008 030110s1985 gw e ger d
020 |a (viaz.)  |c Kčs 74,00 
040 |a SVKKK  |b slo  |c SVKKK  |e AACR2 
041 0 |a ger 
044 |a gw  |c DE 
100 1 |a Otto, Dieter  |4 aut 
245 1 0 |a Einführung in die Kältetechnik /  |c Dieter Otto. 
250 |a 2., bearb. Aufl. 
260 |a Berlin :  |b Verlag Technik,  |c 1985. 
300 |a 196 s. +  |e 1 príl. 
910 |a svkkk 
998 |a BK 
090 |g SCKHL  |k Sklad Pribinova prízemie  |a IV.134887  |j 727405  |i B259496  |s Absenčne